ARRUPE JESUIT UNIVERSITY

CORONAVIRUS -STOP THE SPREAD - CLEAN,DISINFECT,COVER

Wrestling with God (Record no. 120961)

MARC details
000 -LEADER
fixed length control field 00458nam a22001337a 4500
008 - FIXED-LENGTH DATA ELEMENTS--GENERAL INFORMATION
fixed length control field 140925b xxu||||| |||| 00| 0 eng d
050 ## - LIBRARY OF CONGRESS CALL NUMBER
Classification number BX1912.5.N339
100 ## - MAIN ENTRY--PERSONAL NAME
Personal name Ncube, Raphael Mabuza Fr.
9 (RLIN) 11665
245 ## - TITLE STATEMENT
Title Wrestling with God
Remainder of title a day of recollection
Statement of responsibility, etc Fr. Raphael Mabuza Ncube
260 ## - PUBLICATION, DISTRIBUTION, ETC. (IMPRINT)
Place of publication, distribution, etc Plumtree
Name of publisher, distributor, etc Ilizwe Publications
Date of publication, distribution, etc 2013
300 ## - PHYSICAL DESCRIPTION
Extent vi, 121p. ;
Dimensions 23cm.
650 ## - SUBJECT ADDED ENTRY--TOPICAL TERM
Topical term or geographic name as entry element Catholic Church
General subdivision Clergy
-- Religious life
9 (RLIN) 11664
942 ## - ADDED ENTRY ELEMENTS (KOHA)
Source of classification or shelving scheme Library of Congress Classification
Item type Monograph ( Printed materials)
Koha issues (borrowed), all copies 1
Holdings
Withdrawn status Lost status Source of classification or shelving scheme Damaged status Not for loan Collection code Home library Current library Shelving location Date acquired Total Checkouts Full call number Barcode Date last seen Date last borrowed Price effective from Koha item type
    Library of Congress Classification     Main Collection ARRUPE LIBRARY ARRUPE LIBRARY Main Collection 25/09/2014 1 BX1912.5.N339 46500000270 22/11/2017 14/10/2014 25/09/2014 Monograph ( Printed materials)

 

Arrupe Library. PO Box MP320 Mt Pleasant, Harare, Zimbabwe
263 242 745411|librarian@aju.ac.zw